Transforming the organization

Bibliographic Details
Main Author: Gouillart, Francis J
Format: Book
Published: New York : McGraw-Hil , 1995
Subjects:

MARC

LEADER 00000cam a2200000 7i4500
001 0000010582
005 20050428.0
020 |a 0070340676 
040 |a INS 
090 0 0 |a HD58.8.   |b G68 1995 
100 1 |a Gouillart, Francis J 
245 1 0 |a Transforming the organization   |c Francis J. Gouillart 
260 |a New York :   |b McGraw-Hil ,   |c 1995 
300 |a xii,323 ;   |c 24cm. 
650 0 0 |a Organizational change 
999 |a 0000009779   |b BOOK   |c Open Shelf   |e Default branch